000 00434nam a2200181Ia 4500
005 20230720105019.0
008 131103s9999 xx 000 0 und d
040 _aLoreto College
041 _aEnglish
082 _aF
_bBEC
100 _aBecker,Jillian
245 4 _aThe Union
_cJillian Becker
260 _aLondon
_bChatto & Windus
_c1971
300 _a255 p.
650 _aFiction in English
850 _aLCLIB
942 _cBK
999 _c16269
_d66748